000183765 001__ 183765
000183765 005__ 20151223172113.0
000183765 022__ $$a0006-212X
000183765 0247_ $$2ZDBID$$aPERI:(DE-600)512060-3
000183765 0247_ $$2ZDBPPN$$aZDPPN:012693332
000183765 0247_ $$2OCLC$$aOCLC:633405168
000183765 035__ $$aPERI:(DE-600)512060-3
000183765 041__ $$ager
000183765 082__ $$a590
000183765 245__ $$aDie @Biene$$bdas Fachmagazin für Imker$$hprint
000183765 2463_ $$aGrundwissen für Imker
000183765 260__ $$aBerlin$$bDt. Landwirtschaftsverl.
000183765 380__ $$2marcgt$$ajournal
000183765 500__ $$aAutomatically generated record. (Updated: 12/2015)
000183765 650_7 $$0SWD:040265927$$2SWD$$aImkerei
000183765 909CO $$ooai:juser.fz-juelich.de:280055$$pauthority:PERI$$pauthority
000183765 909CO $$ooai:juser.fz-juelich.de:280055
000183765 933__ $$aBerlin$$bDt. Landwirtschaftsverl.
000183765 980__ $$aPERI
000183765 980__ $$aAUTHORITY